000 00311nam a2200109Ia 4500
008 171211s9999 xx 000 0 und d
245 _aBirds of Peru (Princeton Field Guides)
245 _cThomas S. Schulenberg
260 _c2007
650 _xANIMALS
856 _uhttp://down.ebook777.com/057/9780691130231.pdf
999 _c348412
_d348412